000 00884nam a2200241 a 4500
001 000023452
005 20200930022229.0
008 101208s1976 sp r 000 0 spa d
020 _a842520612X
040 _aDO-SdBNP
_bspa
_cBNPHU
082 _a384.55
_bC718t
100 1 _aColombo, Furio
_d1931-
_948323
240 1 0 _aTelevisione: la realtà come spettacolo.
_lEspañol.
245 1 0 _aTelevisión :
_bla realidad como espectáculo /
_cFurio Colombo ; versión del italiano de Esteve Riambau i Saurí ; revisión técnica por Joaquim Romaguera i Ramió.
260 _aBarcelona :
_bGustavo Gili,
_c1976.
300 _a107 p. ;
_c21 cm.
490 1 _aPunto y línea
534 _aTítulo original:
_tTelevisione: la realtà come spettacolo.
650 4 _aTelevisión
_948324
700 1 _aRomaguera i Ramió, Joaquím
_948325
830 0 _aPunto y línea
_948287
049 _aBNGR
999 _c22948
_d22948